• 首页
  • 本馆介绍
  • 公告通知
  • 最新文献
  • 馆藏检索
  • 电子资源
  • 读者导购
  • 参考咨询
  • 我的图书馆
  • 登录
  • 详细信息显示
  • 放入我的书架
  • 预约/预借图书
  • 作者相关作品
  • 分类相关作品
  • 丛书相关作品
  • 出版社相关作品

书目信息

  • 表格格式
  • 工作单格式
  • 卡片格式
题名:
梵语诗文图解
    
 
作者: 罗世方 , 巫白慧 编著
分册:  
出版信息: 北京   商务印书馆  2001.10
页数: 700页
开本: 21cm
丛书名:
单 册:
中图分类: H711
科图分类:
主题词: 梵语--语言读物
电子资源:
ISBN: 7-100-02792-6
000 00633nam0 2200229 45
001 012000005816
005 20040510080729.8
010    @a7-100-02792-6@dCNY48.00
100    @a20011201d2001 em y0chiy0120 ea
101 0  @achi@asan
102    @aCN@b110000
105    @aa z 000yy
106    @ar
200 1  @a梵语诗文图解@Afan yu shi wen tu jie@f罗世方, 巫白慧编著
210    @a北京@c商务印书馆@d2001.10
215    @a700页@c图@d21cm
606 0  @a梵语@x语言读物
690    @aH711@v4
701  0 @a罗世方@Aluo shi fang@4编著
701  0 @a巫白慧@Awu bai hui@4编著
801    @aCN@bTSTC@c20020428
905    @b309448-451@dH711@e14@f4
    
    梵语诗文图解/罗世方, 巫白慧编著.-北京:商务印书馆,2001.10
    700页:图;21cm
    
    
    ISBN 7-100-02792-6:CNY48.00
    
●
相关链接 在E读中查询图书 在五车中查询图书 在当当中查询图书 在豆瓣中查询图书


正题名:梵语诗文图解     索取号:H711/14         预约/预借

序号 登录号 条形码 馆藏地/架位号 状态 备注
1 0309448   203094481   第四借阅区/ [索取号:H711/14] 在馆    
2 0309449   203094490   第四借阅区/ [索取号:H711/14] 在馆    
3 0309450   203094506   第四借阅区/ [索取号:H711/14] 在馆    
4 0309451   203094515   第二样本阅览室/ [索取号:H711/14] 在馆    
唐山师范学院图书馆 欢迎您!
大连网信软件有限公司© 版权所有